[Event "Arnprior op"]
[Site "Arnprior CAN"]
[Date "2010.05.01"]
[Round "1"]
[White "Pacey, Kevin"]
[Black "Wright, Ken"]
[Result "1-0"]
[WhiteElo "2372"]
[BlackElo "1680"]
[PlyCount "31"]
[EventDate "2010.05.01"]
[EventType "swiss"]
[EventRounds "5"]
[EventCountry "CAN"]

1. e4 a6 2. d4 b5 3. a4 Bb7 4. Nd2 bxa4 5. Rxa4 Nf6 6. Bd3 d6 7. Qe2 Qc8 8. Nb3
Nbd7 9. Na5 Nb6 10. Ra1 e6 11. Nxb7 Qxb7 12. Bxa6 Qxe4 13. Bb5+ Kd8 14. Qxe4
Nxe4 15. Rxa8+ Nxa8 16. Bc6 1-0

[Event "Arnprior op"]
[Site "Arnprior CAN"]
[Date "2010.05.01"]
[Round "2"]
[White "Dunn, David"]
[Black "Pacey, Kevin"]
[Result "0-1"]
[WhiteElo "2090"]
[BlackElo "2372"]
[PlyCount "70"]
[EventDate "2010.05.01"]
[EventType "swiss"]
[EventRounds "5"]
[EventCountry "CAN"]

1. e4 d6 2. d4 Nf6 3. Nc3 g6 4. f3 c6 5. Be3 Nbd7 6. Qd2 Qa5 7. O-O-O b5 8. Kb1
b4 9. Nce2 Ba6 10. Bh6 Bxh6 11. Qxh6 c5 12. dxc5 Qxc5 13. Nh3 Ne5 14. Nc1 Bxf1
15. Rhxf1 Rc8 16. Qd2 Nc4 17. Qe2 Ne3 18. Nd3 Qb6 19. Rfe1 Nxd1 20. Qxd1 O-O
21. Nhf2 Rc4 22. h4 Rfc8 23. Re2 a5 24. h5 Nxh5 25. g4 Nf6 26. Nf4 e5 27. g5
exf4 28. gxf6 Qd4 29. Rd2 Qxf6 30. Rxd6 Qh4 31. Ng4 Rxc2 32. Nf6+ Kg7 33. Ne8+
Kh6 34. Qxc2 Rxc2 35. Kxc2 Qe7 0-1

[Event "Arnprior op"]
[Site "Arnprior CAN"]
[Date "2010.05.01"]
[Round "3"]
[White "Pacey, Kevin"]
[Black "Pace, Christopher"]
[Result "1/2-1/2"]
[WhiteElo "2372"]
[BlackElo "2125"]
[PlyCount "94"]
[EventDate "2010.05.01"]
[EventType "swiss"]
[EventRounds "5"]
[EventCountry "CAN"]

1. e4 d6 2. d4 c5 3. dxc5 Qa5+ 4. Nc3 Qxc5 5. Nd5 Bd7 6. Be3 Qc8 7. Nf3 Nf6 8.
Nxf6+ gxf6 9. Qd2 Nc6 10. O-O-O Qc7 11. Nd4 Qa5 12. Qxa5 Nxa5 13. Nb5 Bxb5 14.
Bxb5+ Nc6 15. c4 e6 16. Kb1 Rg8 17. g3 Kd7 18. c5 Kc7 19. cxd6+ Bxd6 20. Rc1 a6
21. Be2 Rac8 22. Bh5 Kd7 23. Bxf7 Rg7 24. Bh5 Ne5 25. Rxc8 Kxc8 26. Rd1 Bc7 27.
h3 Nc4 28. Bh6 Rd7 29. Rxd7 Kxd7 30. b3 Nd6 31. Bf3 Bb6 32. Bg7 Ne8 33. e5 Nxg7
34. exf6 Nf5 35. Bxb7 Bxf2 36. g4 Nd6 37. Bxa6 Bh4 38. Bd3 h6 39. f7 Nxf7 40.
Be4 Kd6 41. Kc2 Kc5 42. a3 Nd6 43. Kd3 Bg5 44. Bg2 e5 45. Ba8 Bc1 46. a4 Kb4
47. Bd5 Bg5 1/2-1/2

[Event "Arnprior op"]
[Site "Arnprior CAN"]
[Date "2010.05.02"]
[Round "4"]
[White "Hartman, Brian"]
[Black "Pacey, Kevin"]
[Result "1-0"]
[WhiteElo "2416"]
[BlackElo "2372"]
[PlyCount "123"]
[EventDate "2010.05.01"]
[EventType "swiss"]
[EventRounds "5"]
[EventCountry "CAN"]

1. e4 e5 2. Nf3 Nc6 3. Bb5 a6 4. Ba4 Nf6 5. d3 b5 6. Bb3 Be7 7. a4 Bb7 8. axb5
axb5 9. Rxa8 Qxa8 10. Nc3 b4 11. Nd5 Nxd5 12. Bxd5 d6 13. Bd2 Nd8 14. Bb3 c5
15. O-O O-O 16. h3 Ne6 17. Be3 Rc8 18. Nd2 d5 19. exd5 Bxd5 20. Bxd5 Qxd5 21.
Qg4 Rb8 22. b3 Ra8 23. Nc4 Ra2 24. Rc1 g6 25. Qe4 Qxe4 26. dxe4 Nd4 27. Bxd4
cxd4 28. Nxe5 Bg5 29. Rd1 Rxc2 30. Nf3 Be7 31. Rxd4 Rb2 32. Rd3 Bc5 33. Nd2 Rc2
34. Kf1 Kf8 35. f4 Ke7 36. g3 h5 37. Ke2 Ke6 38. e5 h4 39. g4 g5 40. fxg5 Kxe5
41. Kf3 Rc3 42. Nc4+ Ke6 43. Ke4 Rc1 44. Nd2 Re1+ 45. Kf4 Bd6+ 46. Kf3 Rh1 47.
Ke4 Re1+ 48. Kd4 Be5+ 49. Kc4 Bd6 50. Nf3 Rc1+ 51. Kd4 Bc5+ 52. Ke4 Bf2 53. Rd2
Bg3 54. Nd4+ Ke7 55. Nf5+ Ke8 56. Rd3 Bf2 57. Rf3 Be1 58. Nd6+ Ke7 59. Nxf7 Bc3
60. Nh6 Rb1 61. g6 Rxb3 62. g7 1-0

[Event "August FIDE Sectional"]
[Site "Calgary CAN"]
[Date "2010.08.28"]
[Round "1"]
[White "Kazmaier, Daniel"]
[Black "Yam, Alex"]
[Result "0-1"]
[WhiteElo "2157"]
[BlackElo "2161"]
[PlyCount "68"]
[EventDate "2010.08.28"]
[EventType "tourn"]
[EventRounds "5"]
[EventCountry "CAN"]

1. c4 Nf6 2. Nf3 g6 3. g3 Bg7 4. Bg2 O-O 5. O-O d6 6. d4 Nbd7 7. Nc3 e5 8. e4
exd4 9. Nxd4 Re8 10. b3 c6 11. Bb2 Nc5 12. Qc2 a5 13. Rad1 Qb6 14. h3 a4 15.
Kh2 Nfd7 16. Nce2 axb3 17. axb3 Ra2 18. Nc3 Ra6 19. Nce2 Nf6 20. f3 d5 21. exd5
cxd5 22. Nb5 Bf5 23. Qd2 Nxb3 24. Qe1 Ra2 25. Bd4 Nxd4 26. Nbxd4 dxc4 27. Qc3
Raxe2 28. Nxe2 Ng4+ 29. fxg4 Bxc3 30. Nxc3 Bd3 31. Nd5 Qb2 32. Nf6+ Kf8 33.
Rfe1 Rxe1 34. Rxe1 Qxf6 0-1

[Event "August FIDE Sectional"]
[Site "Calgary CAN"]
[Date "2010.08.28"]
[Round "2"]
[White "Kazmaier, Daniel"]
[Black "Karmali, Hafiz"]
[Result "1-0"]
[WhiteElo "2157"]
[BlackElo "1939"]
[PlyCount "43"]
[EventDate "2010.08.28"]
[EventType "tourn"]
[EventRounds "5"]
[EventCountry "CAN"]

1. e4 e6 2. d4 d5 3. e5 c5 4. c3 Nc6 5. Nf3 Bd7 6. a3 Rc8 7. b4 cxb4 8. cxb4
Nge7 9. Bb2 Nf5 10. Nbd2 Be7 11. Bd3 Nh4 12. Nxh4 Bxh4 13. O-O f5 14. exf6 Bxf6
15. Nb3 Ne7 16. Qe2 O-O 17. Nc5 Kh8 18. Nxb7 Qb6 19. Nc5 Rcd8 20. Rae1 Nf5 21.
Bxf5 exf5 22. Nxd7 1-0

[Event "August FIDE Sectional"]
[Site "Calgary CAN"]
[Date "2010.08.28"]
[Round "2"]
[White "Wen, Jean-Francois"]
[Black "Yearwood, Roy"]
[Result "1-0"]
[WhiteElo "2114"]
[BlackElo "2047"]
[PlyCount "107"]
[EventDate "2010.08.28"]
[EventType "tourn"]
[EventRounds "5"]
[EventCountry "CAN"]

1. c4 c5 2. g3 Nc6 3. Bg2 g6 4. e3 Bg7 5. Ne2 Nf6 6. Nbc3 d6 7. d4 Bd7 8. b3
Qc8 9. d5 Na5 10. Bb2 a6 11. Ne4 O-O 12. Nxf6+ Bxf6 13. Bxf6 exf6 14. Qd2 Qd8
15. O-O b5 16. Qc3 Rb8 17. Rab1 Kg7 18. e4 Qb6 19. cxb5 Bxb5 20. Rfe1 Bxe2 21.
Rxe2 Qb4 22. Rc1 Qxc3 23. Rxc3 Rb4 24. Rec2 Rfb8 25. f3 c4 26. bxc4 Nb7 27. c5
Nxc5 28. Kf2 R8b5 29. Bf1 Ra5 30. Bc4 Rb1 31. Ke3 Ra4 32. Be2 Ra5 33. f4 Rb4
34. Bf3 Raa4 35. e5 Ne4 36. exd6 Nxc3 37. Rxc3 Rb8 38. d7 Rd8 39. Rc7 Ra3+ 40.
Kd4 Rxf3 41. Kc5 f5 42. Kd6 Rd3 43. Ke7 Rh8 44. Rc8 Rxd5 45. Rxh8 Kxh8 46.
d8=Q+ Rxd8 47. Kxd8 a5 48. a4 Kg7 49. Kc7 Kf6 50. Kb6 g5 51. Kxa5 gxf4 52. gxf4
Ke6 53. Kb5 Kd6 54. Kb6 1-0

[Event "August FIDE Sectional"]
[Site "Calgary CAN"]
[Date "2010.08.28"]
[Round "3"]
[White "Yam, Alex"]
[Black "Karmali, Hafiz"]
[Result "0-1"]
[WhiteElo "2161"]
[BlackElo "1939"]
[PlyCount "72"]
[EventDate "2010.08.28"]
[EventType "tourn"]
[EventRounds "5"]
[EventCountry "CAN"]

1. e4 Nf6 2. e5 Nd5 3. d4 d6 4. c4 Nb6 5. exd6 cxd6 6. Nc3 g6 7. Be3 Bg7 8. Rc1
O-O 9. b3 Nc6 10. d5 Ne5 11. h3 e6 12. f4 Qh4+ 13. Kd2 Ned7 14. Qf3 e5 15. f5
Bh6 16. Bd3 Nc5 17. g3 Bxe3+ 18. Qxe3 Qf6 19. Rf1 Nxd3 20. Ne4 Qh8 21. f6 Nb4
22. Qh6 Bf5 23. Rxf5 N6xd5 24. cxd5 Rfc8 25. Rf2 Rc2+ 26. Ke1 Nd3+ 27. Kd1
Nxf2+ 28. Kxc2 Nxe4 29. Qe3 Nxf6 30. Nf3 Nxd5 31. Qe4 Rc8+ 32. Kd2 Nb6 33. Qxb7
e4 34. Qxe4 Qb2+ 35. Ke3 d5 36. Qe7 d4+ 0-1

[Event "August FIDE Sectional"]
[Site "Calgary CAN"]
[Date "2010.08.28"]
[Round "3"]
[White "Yearwood, Roy"]
[Black "Kazmaier, Daniel"]
[Result "0-1"]
[WhiteElo "2047"]
[BlackElo "2157"]
[PlyCount "44"]
[EventDate "2010.08.28"]
[EventType "tourn"]
[EventRounds "5"]
[EventCountry "CAN"]

1. e4 e6 2. d4 d5 3. Nc3 Nf6 4. Bg5 Bb4 5. e5 h6 6. Bc1 Ne4 7. Qg4 g6 8. a3
Bxc3+ 9. bxc3 Nxc3 10. a4 Bd7 11. Bd3 Nxa4 12. h4 c5 13. h5 g5 14. f4 c4 15.
Be2 f5 16. exf6 e5 17. Qg3 exf4 18. Bxf4 Qa5+ 19. Kf1 Qc3 20. Re1 Qxg3 21. Bxg3
O-O 22. Be5 Be6 0-1

[Event "August FIDE Sectional"]
[Site "Calgary CAN"]
[Date "2010.08.29"]
[Round "4"]
[White "Karmali, Hafiz"]
[Black "Yearwood, Roy"]
[Result "1-0"]
[WhiteElo "1939"]
[BlackElo "2047"]
[PlyCount "61"]
[EventDate "2010.08.28"]
[EventType "tourn"]
[EventRounds "5"]
[EventCountry "CAN"]

1. d4 Nf6 2. c4 c5 3. Nf3 cxd4 4. Nxd4 e5 5. Nc2 d5 6. cxd5 Qxd5 7. Bd2 Nc6 8.
Nc3 Qd8 9. e4 Be6 10. Bb5 a6 11. Bxc6+ bxc6 12. O-O Rb8 13. b3 Be7 14. Qe2 O-O
15. Rfd1 Qc8 16. Na4 c5 17. Na3 Bd7 18. Nb2 Bb5 19. Nac4 Qe6 20. Ba5 Rb7 21.
Qe3 Nd7 22. Rd2 Nb8 23. Bc3 Nc6 24. Na5 Nxa5 25. Bxa5 h6 26. Qc3 Bc6 27. Nc4
Bxe4 28. Re1 Bc6 29. Qxe5 Qg6 30. Qg3 Bg5 31. Rd6 1-0

[Event "August FIDE Sectional"]
[Site "Calgary CAN"]
[Date "2010.08.29"]
[Round "4"]
[White "Yam, Alex"]
[Black "Wen, Jean-Francois"]
[Result "1-0"]
[WhiteElo "2161"]
[BlackElo "2114"]
[PlyCount "67"]
[EventDate "2010.08.28"]
[EventType "tourn"]
[EventRounds "5"]
[EventCountry "CAN"]

1. c4 c6 2. g3 d5 3. Nf3 Nf6 4. Bg2 Bg4 5. Ne5 Be6 6. cxd5 Bxd5 7. Nf3 c5 8.
Nc3 Bc6 9. O-O e6 10. Qc2 Be7 11. Rd1 Nbd7 12. e4 e5 13. Nh4 O-O 14. Nf5 Re8
15. d3 Bf8 16. f4 b6 17. Ne3 Qc7 18. f5 Qb7 19. g4 b5 20. Bf3 h6 21. h4 Nb6 22.
g5 hxg5 23. hxg5 Nh7 24. Qg2 c4 25. g6 Nf6 26. Ng4 Nxg4 27. Bxg4 Bc5+ 28. Kh2
fxg6 29. fxg6 b4 30. Qh3 Nd7 31. Bxd7 Bxd7 32. Qh7+ Kf8 33. Bg5 Be6 34. Rf1+
1-0

[Event "August FIDE Sectional"]
[Site "Calgary CAN"]
[Date "2010.08.29"]
[Round "5"]
[White "Kazmaier, Daniel"]
[Black "Wen, Jean-Francois"]
[Result "1-0"]
[WhiteElo "2157"]
[BlackElo "2114"]
[PlyCount "42"]
[EventDate "2010.08.28"]
[EventType "tourn"]
[EventRounds "5"]
[EventCountry "CAN"]

1. e4 e6 2. d4 d5 3. e5 c5 4. c3 Nc6 5. Nf3 Bd7 6. a3 Nf6 7. b4 c4 8. Bf4 Be7
9. g3 O-O 10. Bg2 Nh5 11. O-O Bd6 12. Nbd2 Nf6 13. Re1 h6 14. Qa4 a6 15. Ra2
Na7 16. Qd1 Nb5 17. Qc1 Re8 18. Re2 h5 19. Rc2 Nxd4 20. cxd4 Qb8 21. Ra2 Kh7
1-0

[Event "August FIDE Sectional"]
[Site "Calgary CAN"]
[Date "2010.08.29"]
[Round "5"]
[White "Yearwood, Roy"]
[Black "Yam, Alex"]
[Result "0-1"]
[WhiteElo "2161"]
[BlackElo "2047"]
[PlyCount "100"]
[EventDate "2010.08.28"]
[EventType "tourn"]
[EventRounds "5"]
[EventCountry "CAN"]

1. e4 d5 2. exd5 Nf6 3. Bb5+ Bd7 4. Be2 Nxd5 5. d4 g6 6. c4 Nb6 7. Nc3 Bg7 8.
Be3 O-O 9. c5 Nc8 10. Qd2 e6 11. Nf3 Ne7 12. h4 Bc6 13. h5 Nf5 14. hxg6 hxg6
15. O-O-O Bxf3 16. Bxf3 Nc6 17. Bxc6 bxc6 18. g4 Nxe3 19. fxe3 e5 20. Qh2 Re8
21. d5 Qg5 22. Qh3 e4 23. dxc6 Qxc5 24. Qh7+ Kf8 25. Rhf1 Re7 26. Kc2 Rb8 27.
Rd4 Qxc6 28. Rfd1 Ree8 29. g5 a5 30. b3 Rb4 31. Qh3 Rxd4 32. exd4 e3 33. Qh1
Qxh1 34. Rxh1 Bxd4 35. Re1 Re5 36. Kd3 Bxc3 37. Kxc3 Rxg5 38. Rxe3 Rd5 39. Kc4
c6 40. a4 g5 41. b4 axb4 42. Kxb4 Rd4+ 43. Kb3 g4 44. a5 Kg7 45. a6 Rd8 46. Kb4
f5 47. Kc5 Kf6 48. Kxc6 f4 49. Re1 g3 50. a7 g2 0-1

[Event "August TNT"]
[Site "Winnipeg CAN"]
[Date "2010.08.03"]
[Round "1"]
[White "Bince, Rolando"]
[Black "Milward, David"]
[Result "1/2-1/2"]
[WhiteElo "2160"]
[BlackElo "1692"]
[PlyCount "125"]
[EventDate "2010.08.03"]
[EventType "swiss"]
[EventRounds "4"]
[EventCountry "CAN"]

1. e4 c5 2. Ne2 d6 3. d4 cxd4 4. Nxd4 Nf6 5. Nc3 g6 6. Bc4 Bg7 7. O-O O-O 8.
Bb3 Nc6 9. Be3 Bd7 10. f3 Rc8 11. Qd2 Re8 12. Rad1 Ne5 13. Qf2 Nc4 14. Bc1 a6
15. Nd5 Nxd5 16. exd5 Qa5 17. c3 Qxd5 18. Nc2 Qc5 19. Ne3 b5 20. Ng4 Qxf2+ 21.
Nxf2 a5 22. a3 Rb8 23. Rfe1 Kf8 24. Ne4 h6 25. Kf2 Rec8 26. g4 b4 27. axb4 axb4
28. Bxc4 Rxc4 29. Nd2 Rcc8 30. c4 b3 31. Kg3 Be6 32. Re4 Rb4 33. Rde1 d5 34.
cxd5 Rxe4 35. fxe4 Bd7 36. Nxb3 Rc2 37. e5 Ba4 38. Nd4 Bxe5+ 39. Rxe5 Rxc1 40.
b4 Rc4 41. Re4 Ke8 42. Kf3 Rxb4 43. Ke3 Rb2 44. Nf3 Bd1 45. Nd2 Ra2 46. Rd4
Ra3+ 47. Kf2 Ra4 48. Rxa4 Bxa4 49. Ke3 Kd7 50. Kd4 Bd1 51. Nc4 f6 52. Ne3 Bf3
53. h3 h5 54. gxh5 Bxh5 55. h4 Bf3 56. Nc4 Bh5 57. Nb6+ Kc7 58. Nc4 Be2 59. Nd2
g5 60. hxg5 fxg5 61. Ne4 g4 62. Ke5 Bf3 63. Ng3 1/2-1/2

[Event "August TNT"]
[Site "Winnipeg CAN"]
[Date "2010.08.03"]
[Round "1"]
[White "Evans, Brian"]
[Black "Melamedoff, Gustavo"]
[Result "0-1"]
[WhiteElo "1590"]
[BlackElo "1994"]
[PlyCount "44"]
[EventDate "2010.08.03"]
[EventType "swiss"]
[EventRounds "4"]
[EventCountry "CAN"]

1. e4 e5 2. Nf3 Nc6 3. Bb5 a6 4. Ba4 Nf6 5. O-O Nxe4 6. Re1 Nc5 7. Bxc6 dxc6 8.
Nxe5 Be7 9. d4 Ne6 10. Nf3 O-O 11. a3 Bf6 12. Be3 b5 13. Qd3 Bb7 14. Nbd2 c5
15. dxc5 Bxb2 16. Qxd8 Raxd8 17. Ra2 Bc3 18. Rb1 Bd5 19. Nb3 f5 20. Ng5 f4 21.
Nxe6 Bxe6 22. Bxf4 Rxf4 0-1

[Event "August TNT"]
[Site "Winnipeg CAN"]
[Date "2010.08.03"]
[Round "1"]
[White "Greenberg, Harley"]
[Black "Li, Henry"]
[Result "1-0"]
[WhiteElo "1722"]
[BlackElo "1388"]
[PlyCount "81"]
[EventDate "2010.08.03"]
[EventType "swiss"]
[EventRounds "4"]
[EventCountry "CAN"]

1. d4 d5 2. c4 Nf6 3. Nc3 dxc4 4. e3 Nc6 5. Bxc4 e6 6. Nf3 Bb4 7. O-O a6 8. Qc2
Bd6 9. a3 e5 10. Rd1 Bg4 11. Be2 Bxf3 12. Bxf3 O-O 13. Bxc6 bxc6 14. dxe5 Ng4
15. exd6 cxd6 16. e4 Qh4 17. Bf4 Rad8 18. Bg3 Qe7 19. Qe2 Ne5 20. Bxe5 Qxe5 21.
Qxa6 Rc8 22. Qd3 Rcd8 23. Rd2 f5 24. Qc4+ Kh8 25. Qxc6 Rf6 26. Qd5 Qxd5 27.
Nxd5 Rf7 28. exf5 Rxf5 29. Rad1 Re5 30. b4 Rde8 31. Kf1 Ra8 32. Nb6 Rxa3 33.
Rxd6 Kg8 34. Nc4 Ra4 35. Nxe5 h5 36. Rd8+ Kh7 37. Rb1 g6 38. b5 Ra7 39. Rd7+
Rxd7 40. Nxd7 g5 41. b6 1-0

[Event "August TNT"]
[Site "Winnipeg CAN"]
[Date "2010.08.03"]
[Round "1"]
[White "Pang, Michael"]
[Black "Zaczek, Jonathan"]
[Result "0-1"]
[WhiteElo "1706"]
[BlackElo "2189"]
[PlyCount "50"]
[EventDate "2010.08.03"]
[EventType "swiss"]
[EventRounds "4"]
[EventCountry "CAN"]

1. e4 c5 2. Nf3 d6 3. d4 cxd4 4. Nxd4 Nf6 5. Nc3 a6 6. Be2 e6 7. Be3 Be7 8. f4
Qc7 9. Qd2 b5 10. Bf3 Bb7 11. e5 dxe5 12. fxe5 Nfd7 13. Bf4 Nc6 14. Nxc6 Bxc6
15. Bxc6 Qxc6 16. O-O-O Nb6 17. Qe2 O-O 18. Qg4 Rfd8 19. Bh6 Bf8 20. h4 Qc4 21.
Qg3 Kh8 22. Be3 Nd5 23. Rd4 Nxc3 24. bxc3 Qxc3 25. Rhd1 Ba3+ 0-1

[Event "August TNT"]
[Site "Winnipeg CAN"]
[Date "2010.08.03"]
[Round "1"]
[White "Rutter, Blair"]
[Black "Reimer, Bruce"]
[Result "0-1"]
[WhiteElo "1942"]
[BlackElo "1582"]
[PlyCount "70"]
[EventDate "2010.08.03"]
[EventType "swiss"]
[EventRounds "4"]
[EventCountry "CAN"]

1. c4 e5 2. g3 f5 3. Nc3 Nc6 4. Bg2 Nf6 5. d3 Bc5 6. a3 a6 7. Nf3 h6 8. b4 Ba7
9. b5 e4 10. bxc6 exf3 11. cxd7+ Qxd7 12. Bxf3 Qd4 13. Qb3 Qxf2+ 14. Kd2 Be6
15. Bxb7 Rb8 16. Bc6+ Nd7 17. Qa4 Be3+ 18. Kc2 Bd4 19. Ra2 Ke7 20. Bxd7 Bxd7
21. Qa5 Bxc3 22. Kxc3 Rb6 23. Qe5+ Kf7 24. Qxc7 Ke6 25. Bf4 Re8 26. d4 Reb8 27.
d5+ Kf6 28. Be5+ Kg6 29. Kd2 Re8 30. Rc1 Rb3 31. Rc3 Rxc3 32. Kxc3 Qe3+ 33. Kb4
a5+ 34. Kxa5 Ra8+ 35. Kb4 Ra4# 0-1

[Event "August TNT"]
[Site "Winnipeg CAN"]
[Date "2010.08.03"]
[Round "1"]
[White "Villeneuve, Justin"]
[Black "Ott, Richard"]
[Result "1/2-1/2"]
[WhiteElo "1248"]
[BlackElo "1716"]
[PlyCount "76"]
[EventDate "2010.08.03"]
[EventType "swiss"]
[EventRounds "4"]
[EventCountry "CAN"]

1. e4 c5 2. Nf3 Nc6 3. Nc3 g6 4. Bc4 Bg7 5. O-O e6 6. d3 Nge7 7. Be3 d6 8. Qd2
O-O 9. Rad1 Qc7 10. Rfe1 a6 11. Bh6 b5 12. Bxg7 Kxg7 13. Bb3 Nd4 14. Nxd4 cxd4
15. Ne2 Nc6 16. c3 e5 17. cxd4 Qb6 18. dxe5 dxe5 19. Bd5 Bb7 20. Rf1 f5 21.
exf5 Rxf5 22. d4 exd4 23. Nxd4 Nxd4 24. Bxb7 Ne2+ 25. Qxe2 Qxb7 26. Qd2 Raf8
27. f3 Qf7 28. b3 h5 29. Qd7 Kh6 30. Qxf7 R8xf7 31. Rd6 Ra7 32. a4 b4 33. Rfd1
Rc5 34. R1d4 a5 35. Rd3 Rc2 36. g4 Re7 37. Rd1 Ree2 38. gxh5 Rg2+ 1/2-1/2

[Event "August TNT"]
[Site "Winnipeg CAN"]
[Date "2010.08.03"]
[Round "1.4"]
[White "Kaptsan, Aron"]
[Black "Czarny, Keith"]
[Result "1-0"]
[WhiteElo "2016"]
[BlackElo "1651"]
[PlyCount "37"]
[EventDate "2010.08.03"]
[EventType "swiss"]
[EventRounds "4"]
[EventCountry "CAN"]

1. e4 c6 2. d4 d5 3. exd5 cxd5 4. c4 Nc6 5. Nf3 Bf5 6. cxd5 Qxd5 7. Nc3 Qe6+ 8.
Be2 Qg6 9. d5 Nb8 10. O-O Bd7 11. Ne5 Qd6 12. Nxd7 Nxd7 13. Nb5 Qb8 14. Qd4 Ne5
15. Bf4 f6 16. Rac1 a6 17. Nc7+ Kf7 18. Bxe5 fxe5 19. Qxe5 1-0

[Event "August TNT"]
[Site "Winnipeg CAN"]
[Date "2010.08.03"]
[Round "1.4"]
[White "Lin, Justin"]
[Black "Lauritson, Jim"]
[Result "0-1"]
[WhiteElo "1512"]
[BlackElo "1892"]
[PlyCount "104"]
[EventDate "2010.08.03"]
[EventType "swiss"]
[EventRounds "4"]
[EventCountry "CAN"]

1. e4 c5 2. Nf3 e6 3. Nc3 Nc6 4. Bc4 a6 5. a3 b5 6. Ba2 Qc7 7. d3 Nge7 8. Be3
Bb7 9. Bxc5 d6 10. Be3 g6 11. Qd2 Bg7 12. O-O O-O 13. Rab1 Rab8 14. Bh6 Rfc8
15. Bxg7 Kxg7 16. Ng5 Nd4 17. Rbc1 Nec6 18. Ne2 h6 19. Nh3 Qe7 20. c3 Nxe2+ 21.
Qxe2 Qh4 22. d4 Na5 23. f3 Nc4 24. Bxc4 Rxc4 25. Qf2 Qxf2+ 26. Nxf2 Rbc8 27.
Nd3 a5 28. Rcd1 Ba6 29. Rfe1 R4c7 30. e5 dxe5 31. Rxe5 Rb8 32. Nc5 Bc8 33. g4
Rb6 34. Nd3 Bb7 35. Kf2 Bd5 36. Nf4 Bb3 37. Rd2 b4 38. d5 bxc3 39. bxc3 exd5
40. Rexd5 Bxd5 41. Nxd5 Rd6 42. Nxc7 Rxd2+ 43. Ke3 Rxh2 44. c4 h5 45. c5 h4 46.
Kd3 Kf8 47. c6 Ke7 48. Na6 Kd8 49. Kc4 h3 50. c7+ Kc8 51. Kd5 Rd2+ 52. Kc6 h2
0-1

[Event "August TNT"]
[Site "Winnipeg CAN"]
[Date "2010.08.03"]
[Round "1.4"]
[White "Milord, Frank"]
[Black "Nikouline, Alexandre"]
[Result "0-1"]
[WhiteElo "1622"]
[BlackElo "2122"]
[PlyCount "64"]
[EventDate "2010.08.03"]
[EventType "swiss"]
[EventRounds "4"]
[EventCountry "CAN"]

1. e4 c5 2. Nf3 Nc6 3. d4 cxd4 4. Nxd4 Nf6 5. Nc3 e5 6. Ndb5 d6 7. Bg5 a6 8.
Na3 b5 9. Nd5 Be7 10. Bxf6 Bxf6 11. c3 O-O 12. Nc2 g6 13. a4 Rb8 14. axb5 axb5
15. Be2 Bg7 16. O-O f5 17. Qd3 fxe4 18. Qe3 Be6 19. Ncb4 Nxb4 20. Nxb4 Qb6 21.
Qxe4 Rf4 22. Qc6 Qxc6 23. Nxc6 Rb6 24. Ra8+ Rf8 25. Ne7+ Kf7 26. Ra7 Kf6 27.
Bf3 e4 28. Bxe4 Rf7 29. Nd5+ Bxd5 30. Rxf7+ Bxf7 31. Ra1 d5 32. Bd3 b4 0-1

[Event "August TNT"]
[Site "Winnipeg CAN"]
[Date "2010.08.10"]
[Round "2"]
[White "Czarny, Keith"]
[Black "Lin, Justin"]
[Result "0-1"]
[WhiteElo "1651"]
[BlackElo "1512"]
[PlyCount "106"]
[EventDate "2010.08.03"]
[EventType "swiss"]
[EventRounds "4"]
[EventCountry "CAN"]

1. Nf3 d5 2. d4 Nc6 3. g3 Bf5 4. Nh4 Bg4 5. h3 Bd7 6. Bg2 e6 7. O-O Nf6 8. Nf3
h6 9. Nc3 Bd6 10. Nb5 Bb4 11. c3 Be7 12. Bf4 Rc8 13. a4 a6 14. Na3 O-O 15. b4
Na7 16. Ne5 Bd6 17. Rc1 Bxe5 18. Bxe5 Qe7 19. Qb3 c6 20. c4 Ne4 21. Rc2 Rfd8
22. c5 Qg5 23. Qf3 Nd2 24. Qd3 Nxf1 25. Kxf1 Qg6 26. Qd2 Re8 27. Rc3 Ra8 28.
Nc2 Nc8 29. Ne1 f6 30. Bc7 Ne7 31. Nf3 Rac8 32. Nh4 Qf7 33. Bd6 Ng6 34. Nf3 e5
35. h4 e4 36. Nh2 f5 37. Bh3 f4 38. Bxd7 Qxd7 39. gxf4 Nxh4 40. Rg3 Nf5 41. Rg6
Re6 42. Rg1 Nxd6 43. cxd6 Rxd6 44. Ng4 Rg6 45. f5 Rg5 46. f4 Qxf5 47. Nf2 Rxg1+
48. Kxg1 Re8 49. e3 g5 50. Qe2 gxf4 51. Ng4 Qg6 52. Qg2 Kg7 53. Kf2 h5 0-1

[Event "August TNT"]
[Site "Winnipeg CAN"]
[Date "2010.08.10"]
[Round "2"]
[White "Green, Jim"]
[Black "Bince, Rolando"]
[Result "0-1"]
[WhiteElo "1786"]
[BlackElo "2160"]
[PlyCount "150"]
[EventDate "2010.08.03"]
[EventType "swiss"]
[EventRounds "4"]
[EventCountry "CAN"]

1. e4 e6 2. d3 c5 3. Nd2 d5 4. Ngf3 Nc6 5. g3 Nf6 6. Bg2 Be7 7. c3 dxe4 8. dxe4
Qd3 9. Bf1 Qd6 10. Bg2 O-O 11. O-O Rd8 12. Re1 e5 13. Qe2 Bg4 14. h3 Bh5 15.
Nf1 h6 16. g4 Bg6 17. Ng3 Qd3 18. Qxd3 Rxd3 19. g5 hxg5 20. Bxg5 Rad8 21. Nh4
Nh7 22. Bxe7 Nxe7 23. Bf1 Rd2 24. Nf3 Rxb2 25. Nxe5 Nf8 26. Nd3 Rb5 27. a4 Ra5
28. Nf4 c4 29. Bxc4 Rc5 30. Nd5 Nc6 31. Ne3 Ne5 32. Be2 Ne6 33. Ng4 Nf4 34.
Nxe5 Rxe5 35. Bf1 Kf8 36. Rad1 Rxd1 37. Rxd1 Ke7 38. Rd4 Ne6 39. Rc4 Rc5 40.
Rb4 b6 41. Rb3 Nc7 42. Kh2 f6 43. c4 Bh7 44. Rc3 g6 45. Ne2 Ne6 46. f3 Ra5 47.
Ra3 Bg8 48. Nc3 Nc5 49. Kg3 Be6 50. Be2 Nd7 51. f4 Rc5 52. Nd5+ Bxd5 53. exd5
Ra5 54. Re3+ Kf8 55. Bd1 Rc5 56. Be2 Ra5 57. Bd1 Nc5 58. Ra3 Ne4+ 59. Kg2 f5
60. Bc2 Nc5 61. Kf2 a6 62. Ke3 b5 63. Kd4 b4 64. Re3 Kf7 65. h4 Nd7 66. d6 Kf6
67. Bb3 Nb8 68. c5 Nc6+ 69. Kd5 Nd8 70. Re6+ Nxe6 71. Kc6 Rxc5+ 72. Kd7 Ng7 73.
Kd8 Rc3 74. Bg8 Rd3 75. d7 Ne6+ 0-1

[Event "August TNT"]
[Site "Winnipeg CAN"]
[Date "2010.08.10"]
[Round "2"]
[White "Klokow, John"]
[Black "Green, Aaron"]
[Result "0-1"]
[WhiteElo "1744"]
[BlackElo "1965"]
[PlyCount "118"]
[EventDate "2010.08.03"]
[EventType "swiss"]
[EventRounds "4"]
[EventCountry "CAN"]

1. e4 c5 2. Ne2 Nc6 3. d4 cxd4 4. Nxd4 d6 5. c4 Nf6 6. Nc3 g6 7. Be2 Bg7 8. Be3
O-O 9. Qd2 Bd7 10. h4 h5 11. f3 Ne5 12. Bf4 Nc6 13. Nxc6 bxc6 14. e5 dxe5 15.
Bxe5 Qc8 16. Rd1 Be6 17. Qf4 Rd8 18. Rxd8+ Qxd8 19. Bc7 Qc8 20. O-O Ne8 21. Be5
Bxe5 22. Qxe5 Qb8 23. Qxb8 Rxb8 24. b3 Rd8 25. Rd1 Rxd1+ 26. Bxd1 Nd6 27. Kf2
Kf8 28. Bc2 Ke8 29. Ne4 f5 30. Ng5 Bg8 31. Ke3 e5 32. g3 Ke7 33. Nh3 c5 34. Nf2
Nb7 35. Nd3 Kd6 36. g4 Bf7 37. gxh5 gxh5 38. Nf2 Bg6 39. a3 a5 40. Kd2 Nd8 41.
Kc3 Nc6 42. Nh3 Nd4 43. Bd1 Nc6 44. Bc2 Ke6 45. Ng1 Be8 46. Ne2 Bf7 47. Ng3 Bg6
48. Bd1 Kf6 49. f4 exf4 50. Nxh5+ Ke5 51. Kd3 Nd4 52. Ng7 f3 53. Ke3 f4+ 54.
Kf2 Kf6 55. h5 Bf7 56. h6 Kg6 57. Bxf3 Kxh6 58. Nh5 Bxh5 59. Bxh5 Kxh5 0-1

[Event "August TNT"]
[Site "Winnipeg CAN"]
[Date "2010.08.10"]
[Round "2"]
[White "Li, Henry"]
[Black "Milord, Frank"]
[Result "0-1"]
[WhiteElo "1388"]
[BlackElo "1662"]
[PlyCount "99"]
[EventDate "2010.08.03"]
[EventType "swiss"]
[EventRounds "4"]
[EventCountry "CAN"]

1. e4 d6 2. d4 Nf6 3. Nc3 g6 4. Be3 Bg7 5. f3 O-O 6. Qd2 Re8 7. O-O-O c6 8. Kb1
b5 9. a3 a5 10. Na2 Be6 11. b3 Na6 12. g4 Qc7 13. h4 h5 14. gxh5 Nxh5 15. Be2
Reb8 16. f4 Ng3 17. Rh2 Nxe4 18. Qc1 c5 19. dxc5 Naxc5 20. Bf3 Ra6 21. h5 Bf5
22. hxg6 Bxg6 23. f5 Bxf5 24. Bh6 Nxb3 25. Qe3 Nc3+ 26. Nxc3 Qxc3 27. Qxc3 Bxc3
28. Ne2 Be5 29. Rg1+ Bg6 30. Be4 Bxh2 31. Rxg6+ fxg6 32. Bxg6 d5 33. cxb3 Rxg6
34. Bf4 Bxf4 35. Nxf4 Rg1+ 36. Kc2 Rc8+ 37. Kd3 e5 38. Nxd5 Rd1+ 39. Ke4 Re1+
40. Kf5 e4 41. Ne7+ Kf7 42. Nxc8 b4 43. axb4 axb4 44. Nd6+ Ke7 45. Nxe4 Re3 46.
Nc5 Rc3 47. Na6 Rxb3 48. Nxb4 Rxb4 49. Ke5 Rb5+ 50. Kd4 0-1